Pintar la muerte : cuadros para despedirme de mi padre /

Sábháilte in:
Sonraí bibleagrafaíochta
Príomhchruthaitheoir: Ortiz, José A. (autor)
Formáid: LEABHAR
Teanga:Spáinnis
Foilsithe / Cruthaithe: Barcelona, España : Temporal, 2022, c2022
Sraith:(Solo el Fin del Mundo ; 1)
Ábhair:
Clibeanna: Cuir clib leis
Níl clibeanna ann, Bí ar an gcéad duine le clib a chur leis an taifead seo!

MARC

LEADER 00000nam^a2200000^a^4500
001 000615241
005 20250602000000.0
009 20260310133658.268
020 |a 978-84-121933-6-7 
037 |a Acervo ITESO - Biblioteca 
041 |a ESP 
082 |a 757.  |b ORT 
100 |a Ortiz, José A.  |e (autor) 
245 1 0 |a Pintar la muerte :  |b cuadros para despedirme de mi padre /  |c J.A. Ortiz. 
264 4 |a Barcelona, España :  |b Temporal,  |c 2022, c2022 
336 |a texto  |b txt  |2 rdacontenido 
337 |a sin mediación  |b n  |2 rdamedio 
338 |a volumen  |b nc  |2 rdasoporte 
440 1 |a (Solo el Fin del Mundo ;  |v 1) 
521 |a Librerías 2025 LCF 
649 |a XX 
650 |a Relaciones Padres-Hijos 
650 |a Duelo -  |x Tema Principal 
650 |a Muerte en la Pintura -  |x Historia y Crítica -  |x Tema Principal 
650 |a Muerte en la Fotografía -  |x Historia y Crítica 
650 |a Muerte en el Arte -  |x Historia y Crítica 
650 |a Cuerpo Humano en la Pintura 
650 |a Retrato (Pintura) 
650 |a Iconografía 
650 |a Estética 
650 |a Comunicación Visual 
650 |a Pintura -  |x Teoría 
650 |a Arte -  |x Teoría 
910 |a Fondo General 
920 |a Impresos - Libros 
930 |a Colección General 
905 |a 101 
901 |a 615697-10  |b IT1  |c ACC  |i C189852  |u 20250602 
902 |a https://opac.biblio.iteso.mx/vufind/Record/000615241